[Event "Bad Woerishofen Open"]
[Site "?"]
[Date "2008.??.??"]
[Round "1"]
[White "Semmler, Guenter"]
[Black "Ivanov, Mikhail"]
[Result "0-1"]
[WhiteElo "2040"]
[BlackElo "2480"]
[PlyCount "91"]
[EventDate "2008.??.??"]

1. Nf3 c5 2. c4 g6 3. d4 Bg7 4. e4 d6 5. h3 cxd4 6. Nxd4 Nc6 7. Nxc6 bxc6 8.
Qc2 Nf6 9. Nc3 O-O 10. Rb1 d5 11. Bd3 Be6 12. b3 dxc4 13. bxc4 Nd7 14. Na4 Ne5
15. Be2 f5 16. O-O fxe4 17. Nc5 Bf5 18. Be3 Nf3+ 19. Kh1 Qc8 20. Nxe4 Nd4 21.
Bxd4 Bxd4 22. c5 Kh8 23. Qc4 Bg7 24. a4 Be6 25. Qb4 Rf4 26. f3 Bxh3 27. Qb7 Rh4
28. Kg1 Bd4+ 29. Nf2 Bd7 30. Rfd1 e5 31. a5 Bf5 32. Rb4 Qf8 33. Rc4 Bxf2+ 34.
Kxf2 Rxc4 35. Bxc4 Qxc5+ 36. Kg3 Rf8 37. Qa6 e4 38. Be2 Qe5+ 39. Kf2 exf3 40.
Bxf3 Be4 41. Qe2 Qc5+ 42. Kg3 Qg5+ 43. Kh2 Qf4+ 44. Kg1 Bxf3 45. gxf3 Qxf3 46.
Qe5+ 0-1

[Event "Bad Woerishofen Open"]
[Site "?"]
[Date "2008.??.??"]
[Round "1"]
[White "Anistratov, Dimitrij"]
[Black "Spanton, Tim"]
[Result "1-0"]
[WhiteElo "2375"]
[BlackElo "2015"]
[PlyCount "86"]
[EventDate "2008.??.??"]

1. Nf3 c5 2. e4 g6 3. d4 cxd4 4. Nxd4 Nc6 5. Nc3 Bg7 6. Nb3 Bxc3+ 7. bxc3 Nf6
8. Bd3 d5 9. exd5 Qxd5 10. O-O Bf5 11. c4 Qd7 12. Nc5 Qc7 13. Bxf5 gxf5 14. Qf3
Qe5 15. Nxb7 Ne4 16. Bf4 Qg7 17. Rad1 Nd4 18. Qe3 Rg8 19. g3 Ne6 20. f3 Nxf4
21. Qxf4 Nc3 22. Rde1 Qf6 23. c5 Kf8 24. Qe5 Rg6 25. Qxf6 Rxf6 26. Re3 Rb8 27.
Rxc3 Rxb7 28. Rd1 Rc6 29. Rd5 e6 30. Rd6 Rbc7 31. Rxc6 Rxc6 32. Kf2 e5 33. Ke3
Ke7 34. Kd3 Ke6 35. Kc4 a6 36. Rb3 e4 37. Kd4 f6 38. Re3 Rc7 39. fxe4 Rd7+ 40.
Kc4 Rd2 41. exf5+ Kxf5 42. c3 Rxa2 43. c6 Ra4+ 1-0

[Event "Bad Woerishofen Open"]
[Site "?"]
[Date "2008.??.??"]
[Round "1"]
[White "Trabert, Bettina"]
[Black "Sakowski, Christian"]
[Result "1-0"]
[WhiteElo "2255"]
[BlackElo "1965"]
[PlyCount "85"]
[EventDate "2008.??.??"]

1. e4 c6 2. d4 d5 3. exd5 cxd5 4. c4 Nf6 5. Nc3 e6 6. Nf3 Bb4 7. cxd5 Nxd5 8.
Qc2 Nc6 9. Be2 Bd7 10. O-O Nf6 11. Bg5 Be7 12. Rad1 Nb4 13. Qd2 Nbd5 14. Qd3
O-O 15. Ne5 Rc8 16. Qh3 Nxc3 17. bxc3 Nd5 18. Bd2 Bc6 19. Bd3 Nf6 20. Rfe1 Re8
21. Bg5 g6 22. c4 Ba4 23. Rb1 b6 24. Qf3 Kg7 25. Qf4 Rh8 26. Bh6+ Kg8 27. g4
Be8 28. Rbd1 Bf8 29. Bf1 Ba4 30. Rd3 Bxh6 31. Qxh6 Qf8 32. Qxf8+ Kxf8 33. Ra3
Be8 34. Rxa7 h5 35. g5 Ng4 36. Nxg4 hxg4 37. Re4 Bc6 38. Rxg4 Kg7 39. Rf4 Rhf8
40. Bd3 Ra8 41. Rc7 Rac8 42. Rfxf7+ Rxf7 43. Rxc8 1-0

[Event "Bad Woerishofen Open"]
[Site "?"]
[Date "2008.??.??"]
[Round "1"]
[White "Urban, Rudolf"]
[Black "Loew, Gerald"]
[Result "0-1"]
[WhiteElo "1985"]
[BlackElo "2285"]
[PlyCount "80"]
[EventDate "2008.??.??"]

1. d4 d5 2. Nf3 Nc6 3. Bf4 Bg4 4. Nbd2 e6 5. e3 Bd6 6. Bxd6 cxd6 7. Be2 Nf6 8.
O-O O-O 9. h3 Bh5 10. c3 Rb8 11. Bd3 b5 12. g4 Bg6 13. Bxg6 hxg6 14. Qe2 a5 15.
Qd3 Qe7 16. e4 dxe4 17. Nxe4 Nxe4 18. Qxe4 d5 19. Qe2 Qf6 20. Ne5 Nxe5 21. dxe5
Qf4 22. Rfd1 Qc4 23. Qe3 b4 24. Rd4 Qb5 25. cxb4 axb4 26. f4 Rfc8 27. f5 Rc2
28. fxg6 fxg6 29. Rd2 Rxd2 30. Qxd2 Qc5+ 31. Qf2 d4 32. Rf1 Qxe5 33. Qf7+ Kh7
34. Qf2 Qd6 35. h4 d3 36. h5 gxh5 37. gxh5 d2 38. Qf3 Qd4+ 39. Kg2 Rd8 40. Rd1
Rd5 0-1

[Event "Bad Woerishofen Open"]
[Site "?"]
[Date "2008.??.??"]
[Round "1"]
[White "Kimmich, Bernd"]
[Black "Bischoff, Dieter"]
[Result "1/2-1/2"]
[WhiteElo "1810"]
[BlackElo "2155"]
[PlyCount "97"]
[EventDate "2008.??.??"]

1. d4 Nf6 2. c4 g6 3. Nc3 Bg7 4. Nf3 O-O 5. e3 d6 6. Qc2 c5 7. Be2 Nc6 8. a3 e6
9. O-O a6 10. b3 b6 11. Bb2 Bb7 12. Rfd1 Qc7 13. Rac1 Rac8 14. d5 exd5 15. Nxd5
Nxd5 16. cxd5 Ne7 17. Bxg7 Kxg7 18. e4 h6 19. e5 Nxd5 20. Bxa6 Bxa6 21. Rxd5
dxe5 22. Nxe5 Rcd8 23. Rxd8 Rxd8 24. Qc3 f6 25. Ng4 Qf4 26. h3 Rd3 27. Qe1 Qd6
28. Qe2 Bb5 29. a4 Ba6 30. Re1 Bc8 31. Qe7+ Qxe7 32. Rxe7+ Kf8 33. Re3 Rxe3 34.
Nxe3 Be6 35. Nc4 Bxc4 36. bxc4 Ke7 37. Kf1 f5 38. f4 g5 39. Kf2 Kd6 40. Kf3 Ke6
41. g3 Kf6 42. fxg5+ hxg5 43. h4 Kg6 44. Kg2 f4 45. hxg5 Kxg5 46. Kf3 fxg3 47.
Kxg3 Kf5 48. Kf3 Ke5 49. Ke3 1/2-1/2

[Event "Bad Woerishofen Sen"]
[Site "?"]
[Date "2008.??.??"]
[Round "1"]
[White "Smits, Oswald"]
[Black "Weinwurm, Wolfgang"]
[Result "0-1"]
[WhiteElo "1730"]
[BlackElo "2175"]
[PlyCount "116"]
[EventDate "2008.??.??"]

1. d4 Nf6 2. c4 g6 3. Nc3 Bg7 4. e4 d6 5. Nf3 O-O 6. Be2 e5 7. O-O exd4 8. Nxd4
Re8 9. f3 Nc6 10. Nc2 Nh5 11. Nd5 f5 12. exf5 Bxf5 13. Bd3 Bxd3 14. Qxd3 Ne5
15. Qb3 c6 16. Nf4 Qf6 17. Nxh5 gxh5 18. Bd2 Qf7 19. Ne3 Ng6 20. Rae1 Re7 21.
Nc2 Rae8 22. Rxe7 Rxe7 23. Re1 Rxe1+ 24. Nxe1 Ne5 25. Bc3 Nxc4 26. Bxg7 Kxg7
27. Qc3+ Kg8 28. b3 Ne5 29. Qe3 b6 30. Qg5+ Qg6 31. Qd8+ Kf7 32. Qc7+ Ke6 33.
f4 Qe4 34. Qc8+ Ke7 35. Qc7+ Nd7 36. Kf2 Qxf4+ 37. Nf3 Qe4 38. Qxa7 h4 39. Qa6
d5 40. Qe2 Nc5 41. Ne1 Qxe2+ 42. Kxe2 Ne4 43. Kd3 c5 44. h3 Nd6 45. Nc2 Ke6 46.
Ne3 h5 47. Nf1 Ke5 48. g3 hxg3 49. Nxg3 h4 50. Ne2 Ne4 51. Ke3 d4+ 52. Kd3 Nf2+
53. Kc4 d3 54. Nc3 d2 55. Kb5 Kd4 56. Ne2+ Kd3 57. Nf4+ Ke3 58. Nd5+ Kd4 0-1

[Event "Bad Woerishofen Open"]
[Site "?"]
[Date "2008.??.??"]
[Round "1"]
[White "Wissinger, Peter"]
[Black "Borovikov, Vladislav"]
[Result "0-1"]
[WhiteElo "2075"]
[BlackElo "2580"]
[PlyCount "48"]
[EventDate "2008.??.??"]

1. Nf3 c5 2. c4 Nc6 3. g3 e5 4. Nc3 g6 5. Bg2 Bg7 6. d3 Nge7 7. O-O d6 8. e3
O-O 9. Rb1 h6 10. a3 a5 11. b3 Be6 12. Bb2 d5 13. Nb5 Qd7 14. Qc2 Rac8 15. Rfe1
b6 16. Nc3 d4 17. exd4 exd4 18. Ne2 g5 19. Bc1 Ng6 20. Nd2 Bh3 21. Nf1 Nce5 22.
f3 Bf5 23. Rd1 Nxd3 24. Rxd3 Ne5 0-1

[Event "Bad Woerishofen Open"]
[Site "?"]
[Date "2008.??.??"]
[Round "1"]
[White "Hipp, Hermann"]
[Black "Epishin, Vladimir"]
[Result "0-1"]
[WhiteElo "2070"]
[BlackElo "2575"]
[PlyCount "58"]
[EventDate "2008.??.??"]

1. d4 c5 2. Nf3 cxd4 3. Nxd4 d5 4. e3 e5 5. Nf3 Nc6 6. Bb5 Bd6 7. c4 dxc4 8.
Bxc6+ bxc6 9. Qa4 Qb6 10. Nc3 Qa6 11. Qc2 Nf6 12. O-O O-O 13. e4 Re8 14. Bg5
Nd7 15. Be3 Bf8 16. Na4 Rb8 17. Rac1 Nb6 18. Nc3 g6 19. Nd2 Be6 20. Rfd1 Red8
21. Ndb1 Rd3 22. Bxb6 axb6 23. a4 Rbd8 24. Rxd3 cxd3 25. Qd2 Qa5 26. h3 Qb4 27.
Kh2 Bb3 28. g3 Rd4 29. f4 exf4 0-1

[Event "Bad Woerishofen Open"]
[Site "?"]
[Date "2008.??.??"]
[Round "1"]
[White "Drozdovskij, Yuriy"]
[Black "Born, Bernd_Ludger"]
[Result "1-0"]
[WhiteElo "2570"]
[BlackElo "2065"]
[PlyCount "71"]
[EventDate "2008.??.??"]

1. d4 d5 2. c4 e6 3. Nf3 c6 4. Qc2 Nf6 5. Bg5 Nbd7 6. Nbd2 Be7 7. e3 h6 8. Bh4
O-O 9. Be2 Re8 10. O-O Qc7 11. Rfc1 Bd6 12. c5 Be7 13. Bg3 Qd8 14. h3 Nh5 15.
Bh2 f5 16. b4 Rf8 17. b5 Nhf6 18. Qa4 cxb5 19. Bxb5 a6 20. c6 bxc6 21. Bxc6 Ra7
22. Rab1 Ne4 23. Rc2 Bd6 24. Bxd6 Nxd6 25. Qa3 Ne4 26. Bxd7 Bxd7 27. Ne5 Nxd2
28. Rxd2 Be8 29. Rdb2 Qf6 30. Rb8 f4 31. Qc5 Re7 32. Kh2 fxe3 33. fxe3 Bb5 34.
Rxf8+ Kxf8 35. Rxb5 axb5 36. Nd7+ 1-0

[Event "Bad Woerishofen Open"]
[Site "?"]
[Date "2008.??.??"]
[Round "1"]
[White "Kunin, Vitaly"]
[Black "Marotzke, Stefan"]
[Result "1-0"]
[WhiteElo "2535"]
[BlackElo "2060"]
[PlyCount "77"]
[EventDate "2008.??.??"]

1. d4 d5 2. c4 c6 3. Nf3 Nf6 4. Nc3 dxc4 5. a4 Bf5 6. Ne5 e6 7. e3 Bb4 8. Nxc4
O-O 9. Be2 Ne4 10. Qb3 Bxc3+ 11. bxc3 Qc7 12. f3 Nf6 13. e4 Bg6 14. Ba3 Rd8 15.
a5 Ne8 16. Rb1 b6 17. axb6 axb6 18. Qxb6 Nd7 19. Qxc7 Nxc7 20. Kf2 f5 21. Rb7
Nb5 22. Be7 fxe4 23. Bxd8 Rxd8 24. Rc1 Nf6 25. Ne5 Nd6 26. Ra7 exf3 27. gxf3
Rf8 28. Nxc6 Ng4+ 29. Kg1 Ne3 30. Ne7+ Kh8 31. Nxg6+ hxg6 32. c4 Rf5 33. c5
Rg5+ 34. Kh1 Ndf5 35. c6 Rh5 36. c7 Ng3+ 37. Kg1 Nxe2+ 38. Kf2 Rxh2+ 39. Kxe3
1-0

[Event "Bad Woerishofen Open"]
[Site "?"]
[Date "2008.??.??"]
[Round "1"]
[White "Teske, Henrik"]
[Black "Von Saldern, Rüdig"]
[Result "1-0"]
[WhiteElo "2490"]
[BlackElo "2055"]
[PlyCount "31"]
[EventDate "2008.??.??"]

1. e4 e5 2. Nf3 Nc6 3. d4 exd4 4. Nxd4 Bc5 5. Be3 Qf6 6. c3 Nge7 7. Bc4 d6 8.
O-O Bb6 9. Nb5 a6 10. Nxd6+ cxd6 11. Bxb6 O-O 12. Na3 Qg6 13. f3 Ne5 14. Bb3
N7c6 15. Qd2 Nd7 16. Bc7 1-0

[Event "Bad Woerishofen Open"]
[Site "?"]
[Date "2008.??.??"]
[Round "1"]
[White "Wohl, Alexander"]
[Black "Zoll, Detlef"]
[Result "1-0"]
[WhiteElo "2415"]
[BlackElo "2020"]
[PlyCount "55"]
[EventDate "2008.??.??"]

1. e4 e6 2. d4 d5 3. e5 c5 4. c3 Nc6 5. Nf3 Qb6 6. a3 c4 7. Nbd2 f6 8. Be2 Be7
9. O-O Nh6 10. exf6 Bxf6 11. b3 cxb3 12. Nxb3 Nf7 13. Bf4 O-O 14. a4 a6 15. Re1
e5 16. Bg3 e4 17. Nfd2 Be6 18. Rb1 Ncd8 19. Nc5 Qc6 20. Qb3 Bf5 21. Nf1 e3 22.
Rb2 exf2+ 23. Bxf2 Nd6 24. Ne3 Be4 25. Bg3 Bg5 26. Ng4 Kh8 27. h4 Bf4 28. Rf1
1-0

[Event "Bad Woerishofen Open"]
[Site "?"]
[Date "2008.??.??"]
[Round "1"]
[White "Stein, Manfred"]
[Black "Dittmar, Peter"]
[Result "0-1"]
[WhiteElo "2015"]
[BlackElo "2325"]
[PlyCount "39"]
[EventDate "2008.??.??"]

1. e4 e6 2. d4 d5 3. exd5 exd5 4. Bd3 c5 5. Qe2+ Be6 6. Bb5+ Nc6 7. Nf3 Nf6 8.
Ne5 Qb6 9. dxc5 Bxc5 10. Nc3 O-O 11. Bxc6 bxc6 12. O-O Bd6 13. Nd3 Qc7 14. g3
Rfe8 15. Qf3 d4 16. Ne4 Nxe4 17. Qxe4 Bh3 18. Qxd4 c5 19. Qh4 Bxf1 20. Kxf1 0-1

[Event "Bad Woerishofen Open"]
[Site "?"]
[Date "2008.??.??"]
[Round "1"]
[White "Keller, Manfred"]
[Black "Lecheler, Rudolf"]
[Result "1-0"]
[WhiteElo "2235"]
[BlackElo "1960"]
[PlyCount "35"]
[EventDate "2008.??.??"]

1. e4 e6 2. d4 d5 3. Nc3 dxe4 4. Nxe4 Nd7 5. Nf3 Ngf6 6. Bd3 Nxe4 7. Bxe4 Nf6
8. Bd3 Be7 9. Qe2 O-O 10. Bg5 Nd5 11. h4 Qd6 12. O-O-O Nf4 13. Bxh7+ Kxh7 14.
Qe4+ Ng6 15. h5 Bxg5+ 16. Nxg5+ Kh6 17. Nxf7+ Rxf7 18. Qxg6# 1-0

[Event "Bad Woerishofen Open"]
[Site "?"]
[Date "2008.??.??"]
[Round "1"]
[White "Kugelmann, Werner"]
[Black "Westerman, Henk"]
[Result "1-0"]
[WhiteElo "2210"]
[BlackElo "1945"]
[PlyCount "23"]
[EventDate "2008.??.??"]

1. e4 c5 2. Nf3 g6 3. c3 Bg7 4. Bc4 e6 5. O-O Ne7 6. d4 cxd4 7. Nxd4 O-O 8. Bg5
Nbc6 9. Nxc6 bxc6 10. Qd6 f6 11. Be3 Rf7 12. Bxe6 1-0

[Event "Bad Woerishofen Open"]
[Site "?"]
[Date "2008.??.??"]
[Round "1"]
[White "Tichacek, Luis"]
[Black "Gurack, Daniel"]
[Result "0-1"]
[WhiteElo "1805"]
[BlackElo "2150"]
[PlyCount "46"]
[EventDate "2008.??.??"]

1. d4 e6 2. c4 Nf6 3. Nc3 Bb4 4. Bg5 h6 5. Bxf6 Qxf6 6. Nf3 b6 7. Qb3 Bxc3+ 8.
Qxc3 Bb7 9. g3 c5 10. Rd1 Nc6 11. d5 Qxc3+ 12. bxc3 Na5 13. e4 O-O 14. Bd3 f5
15. exf5 exd5 16. cxd5 Bxd5 17. O-O Bxf3 18. Rd2 d5 19. Bb1 Rae8 20. a4 Nc4 21.
Ra2 Re5 22. Bd3 Rfe8 23. Bxc4 dxc4 0-1

[Event "Bad Woerishofen Open"]
[Site "?"]
[Date "2008.??.??"]
[Round "1"]
[White "Kunz, Konstantin"]
[Black "Dornreiter, Michael"]
[Result "1-0"]
[WhiteElo "2160"]
[BlackElo "1855"]
[PlyCount "53"]
[EventDate "2008.??.??"]

1. d4 Nf6 2. Nf3 d5 3. c4 g6 4. Nc3 Bg7 5. Bf4 a6 6. e3 O-O 7. cxd5 Nbd7 8. e4
Nb6 9. Be2 Re8 10. O-O Nh5 11. Be3 f5 12. Ne5 Nf6 13. f3 e6 14. dxe6 Bxe6 15.
Qd2 Nfd7 16. Nxd7 Qxd7 17. b3 c6 18. d5 cxd5 19. Bxb6 d4 20. Bc4 Bxc4 21. bxc4
Qc6 22. Bxd4 Rad8 23. Nd5 Qxc4 24. Bxg7 Kxg7 25. Rfc1 Qa4 26. Rc7+ Rd7 27. Qb2+
1-0

[Event "Bad Woerishofen Open"]
[Site "?"]
[Date "2008.??.??"]
[Round "1"]
[White "Rothenhaben, Siegfried"]
[Black "Stuemer, Paul"]
[Result "0-1"]
[WhiteElo "1850"]
[BlackElo "2160"]
[PlyCount "50"]
[EventDate "2008.??.??"]

1. d4 Nf6 2. Nf3 g6 3. e3 Bg7 4. Bd3 b6 5. Nbd2 Bb7 6. O-O O-O 7. c3 d6 8. e4
Nbd7 9. Qe2 a5 10. e5 dxe5 11. dxe5 Nd5 12. e6 Nf4 13. exf7+ Rxf7 14. Qe3 Nc5
15. Bc4 e6 16. Nb3 Nxg2 17. Kxg2 Rxf3 18. Qxf3 Bxf3+ 19. Kxf3 Qh4 20. Nxc5 Qxc4
21. Be3 bxc5 22. Rfd1 h5 23. Rg1 Rf8+ 24. Kg2 Qe4+ 25. Kf1 Qxe3 0-1

[Event "Bad Woerishofen Open"]
[Site "?"]
[Date "2008.??.??"]
[Round "1"]
[White "Vrana, Frantisek"]
[Black "Willin, Bernhard"]
[Result "1-0"]
[WhiteElo "2310"]
[BlackElo "2010"]
[PlyCount "45"]
[EventDate "2008.??.??"]

1. d4 d6 2. e4 Nd7 3. Bc4 e6 4. Nc3 Be7 5. Qg4 Bf6 6. Be3 Nb6 7. Bb3 e5 8. Qh5
g6 9. Qf3 Qe7 10. Nge2 h5 11. h3 h4 12. a4 c6 13. a5 Nd7 14. d5 Nf8 15. a6 c5
16. Ba4+ Kd8 17. axb7 Bxb7 18. b4 cxb4 19. Na2 Qc7 20. Nxb4 Nh7 21. Nc6+ Kc8
22. O-O Bxc6 23. Bxc6 1-0

[Event "Bad Woerishofen Open"]
[Site "?"]
[Date "2008.??.??"]
[Round "1"]
[White "Schulz, Michael"]
[Black "Oberpriller, Josef"]
[Result "1-0"]
[WhiteElo "2225"]
[BlackElo "1960"]
[PlyCount "67"]
[EventDate "2008.??.??"]

1. Nf3 f5 2. d4 Nf6 3. c4 e6 4. Nc3 Be7 5. Bf4 O-O 6. e3 d5 7. Bd3 c6 8. Qc2
Ne4 9. g4 Na6 10. a3 Nc7 11. gxf5 exf5 12. Bxc7 Qxc7 13. cxd5 Nxc3 14. Qxc3 Bd6
15. dxc6 bxc6 16. Rc1 Bb7 17. Ne5 c5 18. Rg1 Rae8 19. f4 Qe7 20. Qd2 cxd4 21.
exd4 Rd8 22. Qe3 Bc7 23. Bc4+ Kh8 24. Ng6+ hxg6 25. Qxe7 Rfe8 26. Qxe8+ Rxe8+
27. Kf2 Bxf4 28. Rc3 Rd8 29. d5 Kh7 30. Re1 Rd7 31. Rd3 g5 32. Rh3+ Kg6 33.
Re6+ Kf7 34. d6 1-0

[Event "Bad Woerishofen Open"]
[Site "?"]
[Date "2008.??.??"]
[Round "1"]
[White "De Francesco, Klaus"]
[Black "Dieckmann, Daniel"]
[Result "1-0"]
[WhiteElo "2300"]
[BlackElo "1990"]
[PlyCount "49"]
[EventDate "2008.??.??"]

1. d4 d5 2. Nf3 Nf6 3. c4 c6 4. Nc3 e6 5. cxd5 cxd5 6. Bf4 Bd6 7. Bxd6 Qxd6 8.
e3 O-O 9. Be2 Nc6 10. O-O a6 11. Rc1 Bd7 12. Na4 b5 13. Nc5 Rfe8 14. a4 Na5 15.
Qe1 Qb6 16. Ne5 Red8 17. Nexd7 Nxd7 18. Nxd7 Rxd7 19. axb5 axb5 20. Rc5 Nc4 21.
Qb4 Rb7 22. b3 Nd6 23. Rfc1 f6 24. Rc6 Qxc6 25. Rxc6 1-0

[Event "Bad Woerishofen Open"]
[Site "?"]
[Date "2008.??.??"]
[Round "1"]
[White "Kuhn, Hans"]
[Black "Lindenmaier, Anton"]
[Result "0-1"]
[WhiteElo "1615"]
[BlackElo "2105"]
[PlyCount "46"]
[EventDate "2008.??.??"]

1. e4 e5 2. Nf3 Nf6 3. d3 Nc6 4. Nc3 Bb4 5. Bd2 O-O 6. a3 Bxc3 7. Bxc3 d5 8.
Nxe5 Nxe5 9. Bxe5 dxe4 10. h3 Re8 11. d4 Nd5 12. Be2 Qg5 13. Bg3 f5 14. O-O f4
15. Bc4 fxg3 16. Bxd5+ Qxd5 17. fxg3 Be6 18. Qd2 Rad8 19. c3 c5 20. Rad1 cxd4
21. Qe2 d3 22. Qe3 h6 23. g4 Qc4 0-1

[Event "Bad Woerishofen Open"]
[Site "?"]
[Date "2008.??.??"]
[Round "1"]
[White "Espig, Lutz"]
[Black "Vonach, Bernhard"]
[Result "1-0"]
[WhiteElo "2325"]
[BlackElo "2010"]
[PlyCount "107"]
[EventDate "2008.??.??"]

1. Nf3 Nf6 2. c4 b6 3. g3 Bb7 4. Bg2 e6 5. O-O d5 6. d4 dxc4 7. Qa4+ Nbd7 8.
Nc3 Be7 9. Ne5 Bxg2 10. Kxg2 Qc8 11. Bg5 Nd5 12. Nxd5 exd5 13. Qc6 Rb8 14. Bxe7
Kxe7 15. Qxd5 Nxe5 16. Qxe5+ Kf8 17. Rac1 b5 18. b3 Qb7+ 19. Kg1 f6 20. Qc5+
Kf7 21. bxc4 Rhc8 22. cxb5 Qxb5 23. Qxa7 Rb7 24. Qc5 Qxc5 25. Rxc5 Ra7 26. Rfc1
g5 27. R1c2 h5 28. Kg2 Ke6 29. Rc6+ Kf5 30. f3 Rca8 31. e4+ Kg6 32. e5 Rxa2 33.
Rxf6+ Kg7 34. Rfc6 Rxc2+ 35. Rxc2 Ra7 36. Kf2 Kf7 37. Ke3 Ke6 38. Ke4 Ra1 39.
Rxc7 Re1+ 40. Kd3 Rd1+ 41. Ke3 Rh1 42. Rc6+ Ke7 43. Rg6 g4 44. fxg4 hxg4 45.
Rxg4 Rxh2 46. d5 Rh1 47. Rg7+ Kf8 48. Ra7 Re1+ 49. Kf4 Rf1+ 50. Ke4 Rg1 51. d6
Rxg3 52. Ra8+ Kf7 53. d7 Ke6 54. d8=Q 1-0

[Event "Bad Woerishofen Open"]
[Site "?"]
[Date "2008.??.??"]
[Round "1"]
[White "Husser, Oskar"]
[Black "Bronznik, Valeri"]
[Result "0-1"]
[WhiteElo "2015"]
[BlackElo "2375"]
[PlyCount "100"]
[EventDate "2008.??.??"]

1. Nf3 f5 2. e4 fxe4 3. Ng5 e5 4. d3 e3 5. Bxe3 Nc6 6. g3 Be7 7. Bg2 Nf6 8. Ne4
d5 9. Nxf6+ Bxf6 10. c3 d4 11. Bd2 dxc3 12. Bxc3 O-O 13. O-O Be6 14. Be4 Qd7
15. Na3 Rad8 16. Nc2 Bh3 17. Re1 Bg4 18. f3 Bh5 19. Qe2 Kh8 20. Rad1 Nd4 21.
Qg2 Bg5 22. g4 Bf7 23. Bxd4 exd4 24. b3 c5 25. Qh3 g6 26. Qg3 Bg8 27. Re2 Bf4
28. Qh3 Qg7 29. Qg2 b6 30. h4 Bd5 31. Bxd5 Rxd5 32. Rde1 Re5 33. Rxe5 Bxe5 34.
Re4 Bb8 35. Qe2 Qc7 36. Qg2 b5 37. Na3 Qa5 38. Nb1 Bf4 39. Qe2 Be3+ 40. Kg2 Qd8
41. Na3 Qa5 42. Nb1 Qb4 43. Kh3 c4 44. dxc4 bxc4 45. Rxe3 dxe3 46. Qxe3 Qb6 47.
Qc3+ Qf6 48. Kg3 Qxc3 49. Nxc3 cxb3 50. axb3 Rb8 0-1

[Event "Bad Woerishofen Open"]
[Site "?"]
[Date "2008.??.??"]
[Round "1"]
[White "Mauquoi, Rudi"]
[Black "Pirrot, Dieter"]
[Result "0-1"]
[WhiteElo "2025"]
[BlackElo "2425"]
[PlyCount "44"]
[EventDate "2008.??.??"]

1. c4 f5 2. g3 Nf6 3. Bg2 e6 4. Nf3 Be7 5. O-O O-O 6. b3 d6 7. Bb2 e5 8. d3 Qe8
9. Nbd2 Qh5 10. e4 fxe4 11. dxe4 Bg4 12. Qc2 Nfd7 13. Qc3 Nc6 14. Rab1 Rf7 15.
Rfe1 Raf8 16. Re3 Nc5 17. Rf1 Ne6 18. Nh4 Bxh4 19. f3 Bg5 20. fxg4 Bxe3+ 21.
Qxe3 Rxf1+ 22. Bxf1 Qxg4 0-1

[Event "Bad Woerishofen Open"]
[Site "?"]
[Date "2008.??.??"]
[Round "1"]
[White "Ries, Berthold"]
[Black "Karpatchev, Aleksander"]
[Result "0-1"]
[WhiteElo "2050"]
[BlackElo "2480"]
[PlyCount "50"]
[EventDate "2008.??.??"]

1. e4 e5 2. Nf3 Nc6 3. Bb5 a6 4. Bxc6 dxc6 5. O-O Be6 6. d4 exd4 7. Nxd4 Bc4 8.
Re1 Qf6 9. b3 O-O-O 10. e5 Qh4 11. c3 Bd5 12. Nf3 Qh5 13. Nbd2 Ne7 14. Qe2 Nf5
15. Bb2 Qg6 16. c4 Be6 17. Ne4 Be7 18. Rad1 h5 19. Nd4 Nh4 20. Ng3 Bg4 21. f3
Bd7 22. e6 fxe6 23. Nxe6 Rde8 24. Nd4 Bb4 25. Qd3 Rxe1+ 0-1

[Event "Bad Woerishofen Open"]
[Site "?"]
[Date "2008.??.??"]
[Round "1"]
[White "Glas, Stefan"]
[Black "Zdebskaja, Natalia"]
[Result "0-1"]
[WhiteElo "2010"]
[BlackElo "2310"]
[PlyCount "74"]
[EventDate "2008.??.??"]

1. e4 c5 2. Nf3 d6 3. d4 cxd4 4. Nxd4 Nf6 5. Nc3 a6 6. Be2 e5 7. Nf3 Be7 8. O-O
O-O 9. Bg5 Be6 10. Qd2 Nbd7 11. Rfe1 b5 12. Bf1 Bg4 13. h3 Bxf3 14. gxf3 b4 15.
Ne2 Nxe4 16. fxe4 Bxg5 17. Qxd6 Be7 18. Qd2 Bc5 19. Rad1 Qh4 20. Nc1 a5 21. Nd3
Bb6 22. Qe2 Nf6 23. Bg2 Rae8 24. c4 bxc3 25. bxc3 Re6 26. Rb1 Nd7 27. Rb5 Rg6
28. Qf3 Rg3 29. Qe2 Qxh3 30. Qf1 Rxg2+ 31. Qxg2 Qxd3 32. Rd5 Qxc3 33. Red1 Nc5
34. Kh2 Ne6 35. Qg3 Qc2 36. R1d2 Qxe4 37. Rxe5 Qb4 0-1

[Event "Bad Woerishofen Open"]
[Site "?"]
[Date "2008.??.??"]
[Round "1"]
[White "Joachim, Klaus"]
[Black "Jaenig, Reinhard"]
[Result "0-1"]
[WhiteElo "1865"]
[BlackElo "2160"]
[PlyCount "60"]
[EventDate "2008.??.??"]

1. e4 c5 2. Nf3 e6 3. c3 Nf6 4. e5 Nd5 5. d4 cxd4 6. cxd4 Nc6 7. Bd2 Qb6 8. Bc3
Nxc3 9. bxc3 Qb2 10. Nbd2 Qxc3 11. Rc1 Qa5 12. Qc2 Bb4 13. Bd3 Bxd2+ 14. Nxd2
Nb4 15. Qc3 Nxd3+ 16. Qxd3 b6 17. O-O Ba6 18. Qf3 O-O 19. Rfd1 Rac8 20. Ne4
Rxc1 21. Rxc1 Qd5 22. Nf6+ gxf6 23. Qxf6 Qe4 24. h4 Qf5 25. Qh6 Qg6 26. Qf4 Bb7
27. g4 f6 28. Rc3 fxe5 29. Qxe5 Qb1+ 30. Kh2 Qh1+ 0-1

[Event "Bad Woerishofen Open"]
[Site "?"]
[Date "2008.??.??"]
[Round "1"]
[White "Georgiev, Vladimir"]
[Black "Stoffel, Matthias"]
[Result "1-0"]
[WhiteElo "2580"]
[BlackElo "2070"]
[PlyCount "87"]
[EventDate "2008.??.??"]

1. d4 Nf6 2. c4 g6 3. Nc3 Bg7 4. e4 d6 5. Bd3 O-O 6. Nge2 e5 7. d5 a5 8. f3 c6
9. Be3 Na6 10. Qd2 Nc5 11. Bc2 Re8 12. O-O cxd5 13. cxd5 b6 14. a3 Re7 15. b4
Na6 16. Rfb1 axb4 17. axb4 Rea7 18. Nb5 Rb7 19. Bd3 Rbb8 20. Rc1 Bb7 21. Ra3
Bf8 22. Rb3 Nd7 23. Na3 Rc8 24. Rxc8 Rxc8 25. Bb5 Nab8 26. Qd3 f5 27. exf5 gxf5
28. Qxf5 Bxd5 29. Qg4+ Kh8 30. Rd3 Nf6 31. Qh4 Bf7 32. Bg5 Be7 33. Nc4 Bxc4 34.
Bxc4 e4 35. Bxf6+ Bxf6 36. Qxe4 Nc6 37. Qe6 Be7 38. Rd1 Nxb4 39. Ng3 Rc5 40. f4
b5 41. Bb3 Qf8 42. Ne4 Rc6 43. h3 Na6 44. Qd5 1-0

[Event "Bad Woerishofen Open"]
[Site "?"]
[Date "2008.??.??"]
[Round "1"]
[White "Maugg, Ludwig"]
[Black "Iotov, Valentin"]
[Result "0-1"]
[WhiteElo "2060"]
[BlackElo "2495"]
[PlyCount "77"]
[EventDate "2008.??.??"]

1. d4 Nf6 2. c4 e6 3. Nf3 d5 4. Nc3 Bb4 5. cxd5 exd5 6. Bg5 O-O 7. e3 Be6 8.
Bd3 h6 9. Bh4 Nbd7 10. O-O c5 11. dxc5 Bxc3 12. bxc3 Qa5 13. Nd4 Qxc3 14. Rc1
Qa3 15. c6 bxc6 16. Bxf6 Nxf6 17. Rxc6 a5 18. Qc2 Bd7 19. Rc3 Qd6 20. Rc1 Ng4
21. g3 Ne5 22. Bf5 Rab8 23. Bxd7 Qxd7 24. Qf5 Qxf5 25. Nxf5 Rb2 26. R1c2 Rfb8
27. Ne7+ Kh7 28. Nxd5 Nf3+ 29. Kf1 Nxh2+ 30. Kg2 Ng4 31. e4 a4 32. Nf4 Ne5 33.
Rxb2 Rxb2 34. Ra3 g5 35. Nh3 g4 36. Nf4 Rb1 37. Rxa4 Nf3 38. Ne2 Re1 39. e5 0-1

[Event "Bad Woerishofen Open"]
[Site "?"]
[Date "2008.??.??"]
[Round "1"]
[White "Galdunts, Sergey"]
[Black "Schmidt, Wolfgang"]
[Result "0-1"]
[WhiteElo "2480"]
[BlackElo "2050"]
[PlyCount "76"]
[EventDate "2008.??.??"]

1. e4 Nf6 2. e5 Nd5 3. d4 d6 4. c4 Nb6 5. exd6 cxd6 6. Nc3 g6 7. Be3 Bg7 8. Rc1
O-O 9. b3 Bf5 10. Nf3 Bg4 11. Be2 Nc6 12. O-O d5 13. c5 Nc8 14. b4 a6 15. Qb3
e6 16. Rfd1 N8e7 17. Nh4 Bxe2 18. Nxe2 h6 19. f4 Nf5 20. Nxf5 gxf5 21. Bf2 Kh7
22. Rc3 Rg8 23. Rh3 Bf6 24. Kh1 Rg6 25. Ng1 Qh8 26. Nf3 Rag8 27. Ne5 Nxe5 28.
dxe5 Bd8 29. a4 Qg7 30. Bg3 Rg4 31. Qc2 f6 32. exf6 Qxf6 33. c6 bxc6 34. Qxc6
R8g7 35. Qxa6 Bc7 36. Re1 Bxf4 37. Rxe6 Rc7 38. Bxf4 Qa1+ 0-1